000 01127 a2200241 4500
001 59357
005 20260407155847.0
008 260407a2006 arg spa d
003 AR-UNSa-BCEJYS
040 _aAR-UNSa-BCEJYS
_bspa
_cAR-UNSa-BCEJYS
080 _a35.077.3
_xProcedimiento administrativo (licitación pública...)
245 1 0 _aLa licitación pública
_pNociones. Principios. Cuestiones
020 _a978-987-592-128-3
250 _a2a. ed.
264 1 _aBuenos Aires :
_bLexis Nexis
_c2006
300 _axviii, 347 p.
_c22 cm.
505 _a1. Naturaleza jurídica - 2. El llamado a licitación - 3. Principios que rigen la licitación pública - 4. Licitación pública: ¿principio o excepción? - 5. La impugnación administrativa de los pliegos de bases y condiciones - 6. La adjudicación. Decisión reglada o discrecional - 7. Extinción del llamado a licitación pública
041 _aspa
942 _cBK
590 _aniveau_biblio:m niveau_hierar:0
100 1 _aComadira, Julio Rodolfo
856 4 1 _uhttps://www.biblioeco.unsa.edu.ar/pmb/images/libros/L129067.jpg
_yImagen de portada
_qimage/jpeg
999 _c6660
_d6660